Score 0/25 Timer 03:00
0 Plays Today
Clue 4-Letter Word % Correct
Do this to paper to form shapes in origamiFOLD
96.1%
Single or the flat, inner-part of a shoeSOLE
96.1%
Precious metal which prompted 1849 rush to CaliforniaGOLD
96%
Santa Claus resides at the North ___POLE
95.1%
Exchanged for moneySOLD
94.2%
Confident or a darkened fontBOLD
92.2%
★ 1962 movie: '___ [rung 25]' ★
or a superhero garment
●CAPE●
91.9%
Consumable nutritionFOOD
91.3%
Deal with something traumaticCOPE
91.1%
Objects thrown together in a haphazard heapPILE
89.4%
1990 Terry Pratchett & Neil Gaiman novel '___ Omens'GOOD
89.3%
Characterizing fruit that is ready to eatRIPE
88.5%
When laying down a winning poker hand: '___ 'em and weep!'READ
88%
Clue 4-Letter Word % Correct
1948 Hitchcock filmROPE
86%
1954 Hitchcock film '___ Window'REAR
84.7%
Irritate or vex RILE
83.8%
★ 1991 remake: '[rung 1] ___' ★
or in a state of terror
●FEAR●
83.4%
Rig this to the mast of a shipSAIL
81.3%
British band behind 1991 hit: 'I'm Too Sexy' Right ___ FredSAID
78.7%
1956 Chuck Berry single '___ Over Beethoven'ROLL
78.4%
A sudden attack on a predetermined locationRAID
77.1%
A pod containing cotton plant seedsBOLL
76.9%
Longtime Nevada senator Harry ___REID
75.8%
Create turbulence or stir upROIL
60.1%
The subject of study in pedologySOIL
59.7%

Today's Daily Dose

You're not logged in!

Compare scores with friends on all Sporcle quizzes.
OR
Log In

Sporcle TV

Today on Sporcle TV


Watch our educational content, quiz creation guides, and fun videos on Sporcle TV.

Show Comments

Extras

Top Quizzes Today


Score Distribution

Paid Content

Your Account Isn't Verified!

In order to create a playlist on Sporcle, you need to verify the email address you used during registration. Go to your Sporcle Settings to finish the process.

Report this User

Report this user for behavior that violates our Community Guidelines.

Details: